[Event "Mistrzostwa Miedzywojewodzkie Juniorow OP-SL C 15"]
[Site "Szczyrk"]
[Date "2012-10-21"]
[Round "7.3"]
[White "Pawlowski, Maciej"]
[Black "Mazur, Bartlomiej"]
[Result "1-0"]
[WhiteTitle "II+"]
[BlackTitle "II+"]
[WhiteElo "1716"]
[BlackElo "1621"]

1. e4 e6 2. d4 d5 3. Nc3 Nf6 4. e5 Nfd7 5. Nf3 c5 6. dxc5 Bxc5 7. Bd3 Nc6 8. Bf4
Qb6 9. O-O a6 10. a3 Qa7 11. Qe2 b5 12. Rae1 Nb6 13. Ng5 g6 14. Nd1 h6 15. Nf3
Bd7 16. Be3 Bxe3 17. Nxe3 Nc4 18. Bxc4 bxc4 19. Ng4 O-O-O 20. b3 Na5 21. Qd2 Qc7
22. Rb1 Bb5 23. Nd4 c3 24. Nxb5 cxd2 25. Nxc7 Kxc7 26. Rbd1 Kb6 27. Rxd2 Rc8 28.
f4 Rc3 29. Rf3 Rc6 30. Ne3 h5 31. Rh3 Rhc8 32. g4 hxg4 33. Rg3 Nb7 34. c4 dxc4
35. Nxc4+ Kc7 36. Rxg4 Rd8 37. Rgg2 Nc5 38. Na5 Ne4 39. Nxc6 Rxd2 40. Rxd2 Nxd2
41. Nd4 Kb6 42. b4 a5 43. bxa5+ Kxa5 44. Nc6+ Kb5 45. Nd8 Kc5 46. Kg2 Kd5 47.
Kh3 Ke4 48. Kg4 Nf1 49. h4 Nh2+ 50. Kh3 Nf3 51. Kg3 Nd4 52. Nxf7 Ne2+ 53. Kg4
Nxf4 54. a4 Nd5 55. a5 Nc7 56. Kg5 1-0

[Event "Mistrzostwa Miedzywojewodzkie Juniorow OP-SL C 15"]
[Site "Szczyrk"]
[Date "2012-10-21"]
[Round "7.4"]
[White "Klimek, Piotr"]
[Black "Kosmala, Mateusz"]
[Result "1-0"]
[WhiteTitle "I"]
[BlackTitle "I"]
[WhiteElo "1773"]
[BlackElo "1865"]

1. e4 d6 2. d4 Nf6 3. Nc3 g6 4. f3 Bg7 5. Be3 Nbd7 6. Qd2 h6 7. O-O-O Ng8 8. f4
c6 9. e5 Nb6 10. Nf3 d5 11. h3 e6 12. g4 Ne7 13. Rg1 Bd7 14. Bd3 Bf8 15. Rdf1
Nc4 16. Bxc4 dxc4 17. Ne4 Nd5 18. Re1 b5 19. f5 gxf5 20. gxf5 c3 21. bxc3 Qa5
22. Qd3 Qxa2 23. Nf6+ Nxf6 24. exf6 O-O-O 25. Ne5 exf5 26. Kd2 Qd5 27. Nxd7 Rxd7
28. Bf4 Bd6 29. Bxd6 Rxd6 30. Re5 Qxe5 31. dxe5 Rxd3+ 32. cxd3 Kd7 33. Ra1 Ra8
34. Ra6 Kc7 35. Ke3 Kb7 36. Ra1 c5 37. d4 cxd4+ 38. Kxd4 Rd8+ 39. Kc5 a6 40. Rg1
f4 41. e6 Rc8+ 1-0

[Event "Mistrzostwa Miedzywojewodzkie Juniorow OP-SL C 15"]
[Site "Szczyrk"]
[Date "2012-10-21"]
[Round "7.5"]
[White "Rosicki, Marcin"]
[Black "Beczala, Pawel"]
[Result "1-0"]
[WhiteTitle "II+"]
[BlackTitle "II+"]
[WhiteElo "1711"]
[BlackElo "1771"]

1. e4 c5 2. c4 g6 3. Nc3 Nc6 4. Nge2 Nf6 5. g3 Bg7 6. Bg2 d6 7. O-O O-O 8. d3 a6
9. Be3 Ng4 10. Bc1 f5 11. h3 Nf6 12. Nf4 e5 13. Nfd5 fxe4 14. Nxf6+ Qxf6 15. Nxe4
Qe6 16. Nxc5 Qe7 17. Ne4 Bf5 18. g4 Bxe4 19. Bxe4 Nd4 20. Be3 Ne6 21. Bd5 Kh8
22. Bxe6 Qxe6 23. Rc1 Rad8 24. d4 e4 25. Bg5 Rc8 26. Re1 Rxc4 27. d5 Qc8 28. b3
Rxc1 29. Qxc1 Qxc1 30. Bxc1 Bd4 31. Be3 Bc3 32. Rc1 Ba5 33. Rc4 Re8 34. b4 b5
35. Rc6 Bxb4 36. Bd4+ Kg8 37. Rc7 Bc5 38. Bxc5 dxc5 39. Rxc5 e3 40. fxe3 Rxe3
41. d6 Kf7 42. Rc7+ Ke6 43. Re7+ 1-0

[Event "Mistrzostwa Miedzywojewodzkie Juniorow OP-SL C 15"]
[Site "Szczyrk"]
[Date "2012-10-21"]
[Round "7.6"]
[White "Lebioda, Jan"]
[Black "Swierad, Lukasz"]
[Result "0-1"]
[WhiteTitle "III"]
[BlackTitle "II"]
[WhiteElo "1353"]
[BlackElo "1464"]

1. e4 c5 2. c3 Nf6 3. e5 Nd5 4. d4 cxd4 5. Nf3 e6 6. cxd4 Nc6 7. Nc3 d6 8. Nxd5
exd5 9. exd6 Qxd6 10. a3 Bf5 11. g3 Be7 12. Bg2 Be4 13. O-O O-O 14. Be3 Bf6 15.
Qd2 Rfe8 16. Rfd1 Rac8 17. Rac1 Qd7 18. Qe2 Qf5 19. Rc3 Na5 20. Rdc1 Nc4 21. a4
Nd6 22. b3 Qd7 23. Qd1 Rxc3 24. Rxc3 Rc8 25. Rxc8+ Qxc8 26. Ne5 Bc2 27. Qh5 Bxb3
28. Ng4 Be7 29. Bxd5 Bxd5 30. Qxd5 Qxg4 31. Bf4 Qd7 32. Qa5 a6 33. Qc3 h6 34.
Qf3 Qc6 35. Qg4 Kh8 36. Qh3 Kh7 37. g4 Qd7 38. Qd3+ g6 39. Qh3 Bf8 40. Qg3 Qe6
41. Be5 Nc4 42. g5 Nxe5 43. dxe5 Bg7 44. gxh6 Bxh6 45. Qf3 b6 46. h4 Kg7 47. h5
Qxe5 48. hxg6 Qg5+ 49. Kf1 Qxg6 50. Qc3+ Kh7 51. Qb3 a5 52. Qb5 Kg7 53. Qe5+ Kf8
54. Qh8+ Ke7 55. Qe5+ Kd7 56. Qd5+ Kc7 57. Qc4+ 0-1

[Event "Mistrzostwa Miedzywojewodzkie Juniorow OP-SL C 15"]
[Site "Szczyrk"]
[Date "2012-10-21"]
[Round "7.7"]
[White "Wiaterek, Jakub"]
[Black "Slezinski, Nikodem"]
[Result "1-0"]
[WhiteTitle "II"]
[BlackTitle "II"]
[WhiteElo "1598"]
[BlackElo "1708"]

1. d4 Nf6 2. Nf3 g6 3. c4 Bg7 4. Nc3 O-O 5. e4 d6 6. Be2 e5 7. d5 Nbd7 8. Bg5 h6
9. Bh4 g5 10. Bg3 Nh5 11. O-O Nf4 12. Nd2 Nf6 13. b4 h5 14. f3 h4 15. Bf2 N6h5
16. c5 Bf6 17. Nc4 Kg7 18. Rc1 Rh8 19. cxd6 cxd6 20. Nb5 Nxe2+ 21. Qxe2 Nf4 22.
Qd2 Bh3 23. gxh3 Qd7 24. Nbxd6 Qxh3 25. Nf5+ Kg6 26. Be3 g4 27. Bxf4 gxf3 28.
Rc3 Rag8 29. Rcxf3 Kh5+ 30. Kf2 Rg2+ 31. Ke1 Qg4 32. Ng3+ hxg3 33. Qxg2 exf4 34.
Rxf4 Bc3+ 35. Nd2 1-0

[Event "Mistrzostwa Miedzywojewodzkie Juniorow OP-SL C 15"]
[Site "Szczyrk"]
[Date "2012-10-21"]
[Round "7.8"]
[White "Skierski, Jacek"]
[Black "Bialucha, Sebastian"]
[Result "1-0"]
[WhiteTitle "II"]
[BlackTitle "II"]
[WhiteElo "1575"]
[BlackElo "1298"]

1. d4 d5 2. c4 e6 3. Nc3 Nf6 4. cxd5 exd5 5. Bg5 Be7 6. e3 O-O 7. Bd3 h6 8. Bh4
a6 9. Nge2 Nc6 10. a3 Nh5 11. Bg3 Nxg3 12. Nxg3 Bd6 13. Bc2 Ne7 14. Nge2 c6 15.
f3 Re8 16. e4 dxe4 17. fxe4 Ng6 18. O-O Bc7 19. e5 Bb6 20. Kh1 Be6 21. Ne4 Re7
22. Nd6 Qc7 23. Bxg6 fxg6 24. Nf4 g5 25. Nxe6 Rxe6 26. Qb3 Qd7 27. Rf7 Qxd6 28.
exd6 Rae8 29. Re7 Kh8 30. Qxe6 Rg8 31. d7 Bxd4 32. Qxg8+ Kxg8 33. d8=Q+ Kh7 34.
Rf1 Bf6 35. Rxf6 g4 36. Rxg7+ Kxg7 37. Qf8+ 1-0

[Event "Mistrzostwa Miedzywojewodzkie Juniorow OP-SL C 15"]
[Site "Szczyrk"]
[Date "2012-10-21"]
[Round "7.9"]
[White "Blaszczak, Jedrzej"]
[Black "Swiech, Przemyslaw"]
[Result "1-0"]
[WhiteTitle "II"]
[BlackTitle "II"]
[WhiteElo "1512"]
[BlackElo "1524"]

1. e4 e6 2. d4 d5 3. exd5 exd5 4. Nf3 Bd6 5. c4 c6 6. Nc3 Ne7 7. c5 Bc7 8. Bd3
O-O 9. Qc2 f5 10. O-O Nd7 11. Bg5 Nf6 12. Bxf6 Rxf6 13. Rae1 Bd7 14. Ne5 Rf8 15.
f4 Bxe5 16. fxe5 Be6 17. Ne2 Qd7 18. Nf4 Kh8 19. Re3 g6 20. h4 h5 21. Rg3 Kh7
22. Qe2 Ng8 23. Rxg6 1-0

[Event "Mistrzostwa Miedzywojewodzkie Juniorow OP-SL C 15"]
[Site "Szczyrk"]
[Date "2012-10-21"]
[Round "8.1"]
[White "Klimek, Piotr"]
[Black "Pawlowski, Maciej"]
[Result "1/2-1/2"]
[WhiteTitle "I"]
[BlackTitle "II+"]
[WhiteElo "1773"]
[BlackElo "1716"]

1. e4 e6 2. d4 d5 3. Nc3 Nf6 4. Bg5 Be7 5. e5 Nfd7 6. h4 a6 7. Bxe7 Qxe7 8. Qg4
f6 9. f4 c5 10. exf6 Nxf6 11. Qd1 c4 12. Qd2 b5 13. a3 Nc6 14. Nf3 O-O 15. g3
Rb8 16. Ne5 Bd7 17. Bh3 a5 18. O-O b4 19. Nxc6 Bxc6 20. axb4 axb4 21. Ne2 Ne4
22. Qe3 g6 23. Ra6 Qd7 24. Rfa1 Ra8 25. Qc1 Rfe8 26. Rxa8 Rxa8 27. Rxa8+ Bxa8
28. Qa1 Bc6 29. Qa5 Qe7 30. Qb6 Bd7 31. Kg2 Kf7 32. Ng1 Nd2 33. Nf3 Nxf3 34. Kxf3
1/2-1/2

[Event "Mistrzostwa Miedzywojewodzkie Juniorow OP-SL C 15"]
[Site "Szczyrk"]
[Date "2012-10-21"]
[Round "8.2"]
[White "Szczecina, Kamil"]
[Black "Lizak, Jakub"]
[Result "0-1"]
[WhiteTitle "I"]
[BlackTitle "I"]
[WhiteElo "1866"]
[BlackElo "1858"]

1. e4 g6 2. d4 Bg7 3. c3 d6 4. Bd3 Nc6 5. Nf3 e5 6. dxe5 Nxe5 7. Nxe5 dxe5 8. O-O
Qe7 9. Be3 Nf6 10. f3 O-O 11. b4 Rd8 12. Qc2 Nh5 13. Rd1 Be6 14. Nd2 Nf4 15. Bxf4
exf4 16. Nb3 b6 17. Rab1 c5 18. bxc5 bxc5 19. c4 Qc7 20. Nd2 Rab8 21. Rb3 Rxb3
22. Nxb3 a5 23. Rb1 a4 24. Nc1 Qd6 25. Kf1 Qd4 26. Qe2 Qc3 27. h3 Bf6 28. Qc2
Rxd3 0-1

[Event "Mistrzostwa Miedzywojewodzkie Juniorow OP-SL C 15"]
[Site "Szczyrk"]
[Date "2012-10-21"]
[Round "8.3"]
[White "Mucha, Piotr"]
[Black "Karpacz, Piotr"]
[Result "1-0"]
[WhiteTitle "I"]
[BlackTitle "II+"]
[WhiteElo "1981"]
[BlackElo "1822"]

1. e4 e6 2. d4 d5 3. Nc3 Bb4 4. e5 c5 5. a3 Bxc3+ 6. bxc3 Ne7 7. Qg4 Qc7 8. Bd3
c4 9. Be2 Nf5 10. Nh3 Nc6 11. Nf4 Bd7 12. Nh5 O-O-O 13. Qh3 Rhg8 14. g4 Nfe7 15.
O-O Rdf8 16. f4 f5 17. a4 Be8 18. Ng3 Bg6 19. Ba3 Rf7 20. a5 fxg4 21. Bxg4 Nf5
22. Nxf5 Bxf5 23. Bxf5 Rxf5 24. Qxh7 Qf7 25. Qh3 g5 26. fxg5 Rfxg5+ 27. Kh1 Qg6
28. Qe3 Rxe5 29. Rf8+ Rxf8 30. dxe5 Rf5 31. Bd6 Qh5 32. Rg1 Qf7 33. Qh3 Rf2 34.
Qg4 Rf1 35. h4 Qf2 36. Qxe6+ Kd8 37. Qg8+ Kd7 38. Qg4+ Kd8 39. Qg5+ Kd7 40. Rxf1
Qxf1+ 41. Kh2 d4 42. Qg4+ Kd8 43. cxd4 Qf2+ 44. Kh3 Nxd4 45. Qg8+ Kd7 46. Qg7+
Kc6 47. Qc7+ Kd5 48. Qxb7+ Ke6 49. Qc8+ Kd5 50. Qg8+ Kc6 51. Qg2+ Qxg2+ 52. Kxg2
Nxc2 53. h5 Ne3+ 54. Kf3 Nf5 55. Kf4 1-0

[Event "Mistrzostwa Miedzywojewodzkie Juniorow OP-SL C 15"]
[Site "Szczyrk"]
[Date "2012-10-21"]
[Round "8.4"]
[White "Swierad, Lukasz"]
[Black "Mazur, Bartlomiej"]
[Result "0-1"]
[WhiteTitle "II"]
[BlackTitle "II+"]
[WhiteElo "1464"]
[BlackElo "1621"]

1. e4 d6 2. d4 Nf6 3. Nc3 c6 4. Bd3 Qb6 5. Nf3 Bg4 6. Be2 Nbd7 7. Rb1 Bxf3 8. Bxf3
e5 9. Be3 Qa5 10. O-O Be7 11. Qd2 O-O 12. Rbd1 Kh8 13. d5 c5 14. a4 a6 15. Ra1
Rfc8 16. Be2 Qb4 17. f3 Bd8 18. g4 Ba5 19. Rfb1 c4 20. g5 Ng8 21. h4 f6 22. Qe1
Bb6 23. Qf2 Bxe3 24. Qxe3 b5 25. Kh2 Ne7 26. h5 f5 27. a5 Rf8 28. Nd1 fxe4 29.
fxe4 Rf4 30. Nf2 Raf8 31. Nh3 R4f7 32. c3 Qc5 33. Qg1 Qxg1+ 34. Kxg1 Nc5 35. Rf1
Rxf1+ 36. Rxf1 Rxf1+ 37. Kxf1 Nxe4 38. Bf3 Nd2+ 39. Ke2 Nxf3 40. Kxf3 Nxd5 41.
Ke4 Ne7 42. Nf2 Kg8 43. Nd1 Kf7 44. Ne3 Ke6 45. Kf3 d5 46. Nc2 Nc6 47. Nb4 Nxb4
0-1

[Event "Mistrzostwa Miedzywojewodzkie Juniorow OP-SL C 15"]
[Site "Szczyrk"]
[Date "2012-10-21"]
[Round "8.5"]
[White "Karp, Maciej"]
[Black "Rosicki, Marcin"]
[Result "1-0"]
[WhiteTitle "II"]
[BlackTitle "II+"]
[WhiteElo "1470"]
[BlackElo "1711"]

1. e4 d5 2. exd5 Qxd5 3. Nc3 Qa5 4. d4 c6 5. Nf3 Nf6 6. Bc4 Bf5 7. Ne5 e6 8. Qe2
Bb4 9. Bd2 Nbd7 10. O-O-O O-O 11. Nxd7 Nxd7 12. g4 Bg6 13. f4 b5 14. Bb3 Bxc3
15. Bxc3 Qc7 16. Rdf1 Nf6 17. d5 Be4 18. Bxf6 Bxh1 19. Be5 Qd7 20. dxe6 fxe6 21.
Rxh1 c5 22. Rd1 Qe8 23. Bd6 c4 24. Bxc4 bxc4 25. Bxf8 Kxf8 26. Qxc4 Rc8 27. Qe4
Qf7 28. Re1 g6 29. Qxe6 Qxf4+ 30. Kb1 Qc7 31. Rf1+ Kg7 32. c3 Rb8 33. Qf6+ Kg8
34. h4 Qb7 35. Qe6+ Kh8 36. b3 Kg7 37. Rd1 Kh6 38. Qe3+ Kg7 39. g5 Rf8 40. Qe5+
Kg8 41. Qe6+ Kh8 42. c4 Qg7 43. Qd7 Qg8 44. Qd4+ 1-0

[Event "Mistrzostwa Miedzywojewodzkie Juniorow OP-SL C 15"]
[Site "Szczyrk"]
[Date "2012-10-21"]
[Round "8.6"]
[White "Wiaterek, Jakub"]
[Black "Skierski, Jacek"]
[Result "1/2-1/2"]
[WhiteTitle "II"]
[BlackTitle "II"]
[WhiteElo "1598"]
[BlackElo "1575"]

1. d4 Nf6 2. c4 g6 3. Nc3 d5 4. Qb3 dxc4 5. Qxc4 Bg7 6. Nf3 Na6 7. Bf4 O-O 8. e3
c6 9. Be2 e6 10. O-O Qe7 11. Rfd1 Nd7 12. Rac1 h6 13. a3 e5 14. dxe5 Nxe5 15.
Nxe5 Bxe5 16. Qe4 Re8 17. Bxa6 Bxf4 18. Qxf4 bxa6 19. Qxh6 Bb7 20. Rd4 Qf6 21.
Rcd1 Rad8 22. Qf4 Qe7 1/2-1/2

[Event "Mistrzostwa Miedzywojewodzkie Juniorow OP-SL C 15"]
[Site "Szczyrk"]
[Date "2012-10-21"]
[Round "8.8"]
[White "Beczala, Pawel"]
[Black "Swiech, Przemyslaw"]
[Result "1/2-1/2"]
[WhiteTitle "II+"]
[BlackTitle "II"]
[WhiteElo "1771"]
[BlackElo "1524"]

1. e4 e6 2. d4 d5 3. Nc3 Bb4 4. e5 c5 5. Bd2 Bxc3 6. bxc3 Ne7 7. f4 cxd4 8. cxd4
Nbc6 9. Nf3 Bd7 10. Bd3 Qc7 11. O-O h6 12. c3 a6 13. Nh4 g6 14. Rb1 Rb8 15. Qe2
Na5 16. Rb4 b5 17. Rfb1 Nc4 18. Bxc4 dxc4 19. a4 Nd5 20. R4b2 Ke7 21. axb5 axb5
22. Ra2 Ra8 23. Rba1 Qb7 24. Qd1 Rxa2 25. Rxa2 Ra8 26. Qa1 Rxa2 27. Qxa2 Bc6 28.
Qa3+ Ke8 29. Nf3 Qa8 30. Qxa8+ Bxa8 31. Ne1 Bc6 32. Nc2 h5 33. Kf2 Kf8 34. Kg3
1/2-1/2

[Event "Mistrzostwa Miedzywojewodzkie Juniorow OP-SL C 15"]
[Site "Szczyrk"]
[Date "2012-10-21"]
[Round "8.9"]
[White "Bialucha, Sebastian"]
[Black "Lebioda, Jan"]
[Result "1-0"]
[WhiteTitle "II"]
[BlackTitle "III"]
[WhiteElo "1298"]
[BlackElo "1353"]

1. e4 e5 2. d4 exd4 3. c3 dxc3 4. Bc4 cxb2 5. Bxb2 d5 6. Bxd5 Nf6 7. Bxf7+ Kxf7
8. Qxd8 Bb4+ 9. Qd2 Bxd2+ 10. Nxd2 b6 11. Ngf3 Bb7 12. O-O Nxe4 13. Nxe4 Bxe4
14. Ng5+ Kg6 15. Nxe4 Na6 16. a3 Rhe8 17. Rfe1 Rad8 18. Rac1 h5 19. g3 Re6 20.
Nc3 Rde8 21. Rxe6+ Rxe6 22. Nd5 Kg5 23. Nxc7 Nxc7 24. Rxc7 g6 25. Rxa7 Kg4 26.
Kg2 g5 27. Bc1 Rg6 28. Be3 h4 29. h3+ Kf5 30. Ra6 hxg3 31. Kxg3 Rg8 32. Rxb6 Ra8
33. Rb5+ Kg6 34. Rxg5+ Kh7 35. Bc5 Ra4 36. Bb4 Ra6 37. f4 Re6 38. Kg4 Rc6 39.
h4 Rc8 40. f5 Rc6 41. Rg6 Rc4+ 42. Kg5 Kh8 43. h5 Rd4 44. Bc3 Kh7 45. Rh6+ 1-0

[Event "Mistrzostwa Miedzywojewodzkie Juniorow OP-SL C 15"]
[Site "Szczyrk"]
[Date "2012-10-21"]
[Round "9.1"]
[White "Pawlowski, Maciej"]
[Black "Mucha, Piotr"]
[Result "1-0"]
[WhiteTitle "II+"]
[BlackTitle "I"]
[WhiteElo "1716"]
[BlackElo "1981"]

1. e4 c5 2. Nf3 a6 3. d4 cxd4 4. Nxd4 Nf6 5. Nc3 e5 6. Nb3 Bb4 7. Bg5 h6 8. Bxf6
Bxc3+ 9. bxc3 Qxf6 10. Be2 Qg6 11. Bf3 d6 12. O-O O-O 13. Rb1 Nc6 14. Qd3 Rd8
15. Rfd1 Be6 16. a4 Rac8 17. g3 Qf6 18. Bg2 Qe7 19. Bf1 Qc7 20. Nd2 Na5 21. Nf3
f6 22. Ne1 Nc4 23. Ng2 Nb6 24. Ne3 Nxa4 25. Nd5 Qf7 26. c4 Bxd5 27. exd5 f5 28.
Bh3 Rf8 29. Kh1 Nc5 30. Qe2 Rce8 31. Rb6 Qf6 32. Re1 g5 33. Rd1 Kg7 34. Rdb1 Re7
35. Rd1 g4 36. Bg2 h5 37. Re1 h4 38. Kg1 Qh6 39. Rd1 hxg3 40. fxg3 Rh8 41. Bh1
Kg8 42. Rf1 Qg6 43. Qf2 Reh7 44. Qxc5 Rxh2 45. Qxd6 Qxd6 46. Rxd6 Rxc2 47. Rd8+
Kg7 48. Rd6 f4 49. Be4 1-0

[Event "Mistrzostwa Miedzywojewodzkie Juniorow OP-SL C 15"]
[Site "Szczyrk"]
[Date "2012-10-21"]
[Round "9.2"]
[White "Lizak, Jakub"]
[Black "Klimek, Piotr"]
[Result "0-1"]
[WhiteTitle "I"]
[BlackTitle "I"]
[WhiteElo "1858"]
[BlackElo "1773"]

1. e4 e6 2. d3 c5 3. Nd2 g6 4. Ngf3 Bg7 5. c3 Nc6 6. Qe2 d6 7. g3 Nge7 8. Nb3 e5
9. Bg2 O-O 10. O-O f5 11. exf5 gxf5 12. Bg5 h6 13. Bxe7 Qxe7 14. Nh4 Qg5 15. f4
exf4 16. Rxf4 Bd7 17. d4 Rae8 18. Qf2 b6 19. Rf1 Ne7 20. Re1 Ng6 21. Rxe8 Rxe8
22. Nxg6 Qxg6 23. Bd5+ Kh8 24. Rf3 Bf6 25. Re3 Rf8 26. Rf3 Bg5 27. Kh1 Qh5 28.
h4 f4 29. gxf4 Bxh4 30. Qh2 Qxd5 0-1

[Event "Mistrzostwa Miedzywojewodzkie Juniorow OP-SL C 15"]
[Site "Szczyrk"]
[Date "2012-10-21"]
[Round "9.3"]
[White "Karp, Maciej"]
[Black "Szczecina, Kamil"]
[Result "1/2-1/2"]
[WhiteTitle "II"]
[BlackTitle "I"]
[WhiteElo "1470"]
[BlackElo "1866"]

1. e4 c5 2. c4 e5 3. Ne2 g6 4. g3 Bg7 5. Bg2 Ne7 6. Nbc3 Nbc6 7. d3 O-O 8. O-O
d6 9. Nd5 Nxd5 10. exd5 Nd4 11. Nxd4 exd4 12. f4 Bd7 13. a4 a6 14. Bd2 b5 15.
axb5 axb5 16. b3 Qb6 17. Qc2 b4 18. Be4 Bh3 19. Rfb1 Ra7 20. Rxa7 Qxa7 21. Bf3
h5 22. Bg2 Bf5 23. Kf2 Ra8 24. Bf1 Qa2 25. Rb2 Qa1 26. Bc1 Bf6 27. Rb1 Qc3 28.
Qb2 Bg4 29. Bd2 Qxb2 30. Rxb2 Ra1 31. Be1 Bf5 32. h4 Be7 33. Bd2 Bg4 34. Be2 Bxe2
35. Kxe2 Kg7 36. Kf2 Kf6 37. Kg2 Kf5 38. Kf3 Bf6 39. Kf2 Kg4 40. Kg2 Bd8 41. Kf2
Bf6 42. Kg2 Bd8 43. Kf2 Bxh4 44. gxh4 Kxh4 45. Kf3 Kh3 46. Bxb4 cxb4 47. c5 dxc5
48. d6 Rf1+ 49. Rf2 Ra1 50. Re2 Ra6 51. Re1 Kh2 52. Re2+ Kh1 1/2-1/2

[Event "Mistrzostwa Miedzywojewodzkie Juniorow OP-SL C 15"]
[Site "Szczyrk"]
[Date "2012-10-21"]
[Round "9.4"]
[White "Mazur, Bartlomiej"]
[Black "Wiaterek, Jakub"]
[Result "1-0"]
[WhiteTitle "II+"]
[BlackTitle "II"]
[WhiteElo "1621"]
[BlackElo "1598"]

1. e4 e6 2. d4 d5 3. exd5 exd5 4. Bd3 Bd6 5. c3 h6 6. h3 Ne7 7. Nf3 O-O 8. O-O
c6 9. Re1 Qc7 10. Qc2 Nd7 11. Be3 f5 12. Nh4 Nb6 13. a4 a5 14. Na3 Bd7 15. Re2
f4 16. Bd2 c5 17. dxc5 Bxc5 18. Rxe7 Bxe7 19. Bh7+ Kh8 20. Ng6+ Kxh7 21. Nxf8+
Kg8 22. Nxd7 Qxd7 23. Nb5 Rf8 24. Nd4 Bc5 25. Nf3 Rf6 26. b3 g5 27. Ne5 Qc7 28.
Re1 Nd7 29. Ng4 Rc6 30. Qf5 Qd6 31. Nxh6+ Qxh6 32. Qxd7 Qg7 33. Qxd5+ Kh7 34.
Re5 Be7 35. Qe4+ Qg6 36. Rxe7+ Kh6 37. Qxg6+ Kxg6 38. Rxb7 1-0

[Event "Mistrzostwa Miedzywojewodzkie Juniorow OP-SL C 15"]
[Site "Szczyrk"]
[Date "2012-10-21"]
[Round "9.5"]
[White "Karpacz, Piotr"]
[Black "Swierad, Lukasz"]
[Result "1-0"]
[WhiteTitle "II+"]
[BlackTitle "II"]
[WhiteElo "1822"]
[BlackElo "1464"]

1. d4 d5 2. c4 e6 3. Nc3 Nf6 4. cxd5 exd5 5. Bg5 Be7 6. e3 c6 7. Bd3 Be6 8. Qc2
Nbd7 9. Nge2 O-O 10. O-O h6 11. Bh4 Re8 12. f3 Qb6 13. Bf2 Qa5 14. a3 a6 15. h3
Bd6 16. b4 Qc7 17. e4 dxe4 18. fxe4 Be7 19. Na4 b5 20. Nb2 Rac8 21. Rac1 Qb7 22.
Nf4 Bf8 23. Be2 Nb6 24. Nxe6 fxe6 25. Bh4 Be7 26. Bf3 Qd7 27. Rfd1 Nh7 28. Bxe7
Qxe7 29. Qc5 Qxc5 30. Rxc5 Nd7 31. Rc2 Ng5 32. Bh5 Re7 33. d5 exd5 34. exd5 Nf6
35. Bg6 Kf8 36. d6 Re3 37. d7 Rd8 38. Rxc6 Rxa3 39. h4 Nf7 40. Rc8 Nxd7 41. Rxd8+
Nxd8 42. Rxd7 Nc6 43. Rf7+ Kg8 44. Rc7 Nd8 45. Rc8 1-0

[Event "Mistrzostwa Miedzywojewodzkie Juniorow OP-SL C 15"]
[Site "Szczyrk"]
[Date "2012-10-21"]
[Round "9.6"]
[White "Rosicki, Marcin"]
[Black "Skierski, Jacek"]
[Result "1-0"]
[WhiteTitle "II+"]
[BlackTitle "II"]
[WhiteElo "1711"]
[BlackElo "1575"]

1. a3 d5 2. d4 e6 3. e3 c5 4. Nf3 Nc6 5. c4 Nf6 6. Be2 Be7 7. dxc5 Bxc5 8. b4 Bd6
9. Bb2 dxc4 10. Bxc4 O-O 11. O-O Be7 12. Nc3 b6 13. Qc2 Qc7 14. Nb5 Qb7 15. Rfd1
Nd5 16. Rac1 Bd7 17. Qd3 Rfd8 18. Bxd5 exd5 19. Ne5 Rac8 20. Qxd5 Be6 21. Qf3
Rxd1+ 22. Rxd1 Rd8 23. Rxd8+ Nxd8 24. Qxb7 Nxb7 25. Nxa7 Nd6 26. Bd4 b5 27. Nec6
Bg5 28. Bc5 Nb7 29. Nxb5 Nxc5 30. bxc5 Kf8 31. Ncd4 Ke7 32. Nxe6 Kxe6 33. c6 Be7
34. c7 Kd7 35. a4 Bb4 36. Kf1 Ba5 37. Ke2 Bxc7 38. Nxc7 Kxc7 39. Kd3 Kb6 40. Kc4
Ka5 41. Kb3 h5 42. h4 f6 43. f3 g5 44. g3 gxh4 45. gxh4 Kb6 46. Kb4 Ka6 47. e4
Kb6 48. f4 Kc6 49. a5 1-0

[Event "Mistrzostwa Miedzywojewodzkie Juniorow OP-SL C 15"]
[Site "Szczyrk"]
[Date "2012-10-21"]
[Round "9.7"]
[White "Slezinski, Nikodem"]
[Black "Lebioda, Jan"]
[Result "1-0"]
[WhiteTitle "II"]
[BlackTitle "III"]
[WhiteElo "1708"]
[BlackElo "1353"]

1. e4 e5 2. Nf3 Nc6 3. Bc4 Nf6 4. d4 exd4 5. O-O Bc5 6. e5 Ng4 7. h3 h5 8. c3 Nxf2
9. Rxf2 dxc3 10. Nxc3 Bxf2+ 11. Kxf2 Na5 12. Bxf7+ Kxf7 13. Qd5+ Kf8 14. Bg5 Qe8
15. Qxa5 b6 16. Qb4+ c5 17. Qe4 Rb8 18. Rd1 Qf7 19. e6 d5 20. Qe5 Qxe6 21. Qxb8
Qd7 22. Rxd5 1-0

[Event "Mistrzostwa Miedzywojewodzkie Juniorow OP-SL C 15"]
[Site "Szczyrk"]
[Date "2012-10-21"]
[Round "9.8"]
[White "Blaszczak, Jedrzej"]
[Black "Bialucha, Sebastian"]
[Result "1-0"]
[WhiteTitle "II"]
[BlackTitle "II"]
[WhiteElo "1512"]
[BlackElo "1298"]

1. e4 e6 2. d4 d5 3. exd5 exd5 4. Nf3 Bd6 5. c4 c6 6. Nc3 Ne7 7. c5 Bc7 8. Bd3
Bf5 9. O-O O-O 10. Re1 Bxd3 11. Qxd3 Ng6 12. Bd2 Nd7 13. Re2 h6 14. Rae1 b6 15.
b4 a5 16. a3 axb4 17. axb4 bxc5 18. bxc5 Ra3 19. Qc2 Qa8 20. Qf5 Nf6 21. Ne5 Kh7
22. h4 Qc8 23. Qc2 Bxe5 24. dxe5 Nh5 25. e6 Ra7 26. Re5 Nf6 27. h5 Nxh5 28. Rxh5
fxe6 29. Qc1 Kg8 30. Qc2 Qe8 31. Rh3 Rf6 32. Rg3 Qf7 33. Rf1 Ra8 34. Nd1 Rf8 35.
Bc3 Rf4 36. Qxg6 Qe7 37. Qxg7+ 1-0

[Event "Mistrzostwa Miedzywojewodzkie Juniorow OP-SL C 15"]
[Site "Szczyrk"]
[Date "2012-10-21"]
[Round "9.9"]
[White "Swiech, Przemyslaw"]
[Black "Kosmala, Mateusz"]
[Result "1/2-1/2"]
[WhiteTitle "II"]
[BlackTitle "I"]
[WhiteElo "1524"]
[BlackElo "1865"]

1. b3 e5 2. Bb2 d6 3. e3 f5 4. Bb5+ c6 5. Be2 Nf6 6. c4 g6 7. Nf3 Bg7 8. d4 e4
9. Nfd2 O-O 10. O-O Re8 11. Re1 g5 12. Nc3 Nbd7 13. Nf1 Nf8 14. Qc2 Ng6 15. Ng3
Qe7 16. Nh5 Nxh5 17. Bxh5 g4 18. Bxg6 hxg6 19. g3 Bd7 20. Kg2 Kf7 21. Rh1 Rh8
22. d5 c5 1/2-1/2

[Event "Mistrzostwa Miedzywojewodzkie Juniorow O"]
[Site "Szczyrk"]
[Date "2012.??.??"]
[Round "9.1"]
[White "Pawlowski, Maciej"]
[Black "Mucha, Piotr"]
[Result "1-0"]
[WhiteElo "1716"]
[BlackElo "1981"]
[PlyCount "105"]
[EventDate "2012.??.??"]

1. e4 c5 2. Nf3 a6 3. d4 cxd4 4. Nxd4 Nf6 5. Nc3 e5 6. Nb3 Bb4 7. Bg5 h6 8.
Bxf6 Bxc3+ 9. bxc3 Qxf6 10. Be2 Qg6 11. Bf3 d6 12. O-O O-O 13. Rb1 Nc6 14. Qd3
Rd8 15. Rfd1 Be6 16. a4 Rac8 17. g3 Qf6 18. Bg2 Qe7 19. Bf1 Qc7 20. Nd2 Na5 21.
Nf3 f6 22. Ne1 Nc4 23. Ng2 Nb6 24. Ne3 Nxa4 25. Nd5 Qf7 26. c4 Bxd5 27. exd5 f5
28. Bh3 Rf8 29. Kh1 Nc5 30. Qe2 Rce8 31. Rb6 Qf6 32. Re1 g5 33. Rd1 Kg7 34.
Rdb1 Re7 35. Rd1 g4 36. Bg2 h5 37. Re1 h4 38. Kg1 Qh6 39. Rd1 hxg3 40. fxg3 Rh8
41. Bh1 Kg8 42. Rf1 Qg6 43. Qf2 Rf7 44. Qxc5 Rxh2 45. Qxd6 Qxd6 46. Rxd6 Rxc2
47. Rd8+ Kg7 48. d6 f4 49. Bd5 Rf6 50. Rg8+ Kh7 51. d7 f3 52. Be4+ Kxg8 53.
d8=Q+ 1-0